MARC

LEADER 00000nam0a2200000 4500
001 284534
005 20231101235714.0
035 |a (RuTPU)RU\TPU\book\308704 
090 |a 284534 
100 |a 20150216d1965 k y0rusy50 ca 
101 0 |a rus 
102 |a RU 
105 |a a z 001zy 
200 1 |a Пещеры Печорского Урала  |f Б. И. Гуслицер, В. И. Канивец  |g Академия наук СССР (АН СССР), Коми филиал 
210 |a Москва  |a Ленинград  |c Наука  |d 1965 
215 |a 134 с.  |c черт. 
320 |a Библиогр.: с. 128-133 
606 1 |a Пещеры карстовые  |2 stltpush  |3 (RuTPU)RU\TPU\subj\48752  |9 67597 
610 1 |a Северный Урал 
610 1 |a ледники 
610 1 |a стратиграфия 
610 1 |a география 
610 1 |a морфология 
675 |a 551.442  |v 4 
700 1 |a Гуслицер  |b Б. И.  |g Борис Исаакович 
701 1 |a Канивец  |b В. И.  |g Вячеслав Ильич 
712 0 2 |a Академия наук СССР (АН СССР)  |b Коми филиал  |2 stltpush  |3 (RuTPU)RU\TPU\col\20436 
801 1 |a RU  |b 63413507  |c 20150216 
801 2 |a RU  |b 63413507  |c 20180220  |g RCR 
942 |c BK